Women, culture and development: (Record no. 35121)

MARC details
000 -LEADER
fixed length control field 00730nam a22001817a 4500
008 - FIXED-LENGTH DATA ELEMENTS--GENERAL INFORMATION
fixed length control field 090706t xxu||||| |||| 00| 0 eng d
020 ## - INTERNATIONAL STANDARD BOOK NUMBER
International Standard Book Number 0198289642
050 ## - LIBRARY OF CONGRESS CALL NUMBER
Classification number HQ1236
Item number .W6377 1995
245 ## - TITLE STATEMENT
Title Women, culture and development:
Remainder of title a study of human capabilities.
Statement of responsibility, etc edited by Martha Nussbaum and Jonathan Glover
260 ## - PUBLICATION, DISTRIBUTION, ETC. (IMPRINT)
Place of publication, distribution, etc Oxford
Name of publisher, distributor, etc Clarendon Press
Date of publication, distribution, etc 1995
300 ## - PHYSICAL DESCRIPTION
Extent xi, 481p. ;
Dimensions 23cm
500 ## - GENERAL NOTE
General note Includes bibliographical references and indexes
650 ## - SUBJECT ADDED ENTRY--TOPICAL TERM
Source of heading or term Women's rights
650 ## - SUBJECT ADDED ENTRY--TOPICAL TERM
Source of heading or term Sex role
650 ## - SUBJECT ADDED ENTRY--TOPICAL TERM
Source of heading or term Women in development
942 ## - ADDED ENTRY ELEMENTS (KOHA)
Source of classification or shelving scheme Library of Congress Classification
Item type Book
Holdings
Withdrawn status Lost status Source of classification or shelving scheme Damaged status Not for loan Collection code Home library Current library Shelving location Date acquired Total Checkouts Total Renewals Full call number Barcode Date last borrowed Copy number Price effective from Koha item type
    Library of Congress Classification     Non-fiction Nakuru Campus Nakuru Campus General Circulation 06/07/2009 16 1 HQ1236 .W6377 1995 007580 03/04/2018 1 06/07/2009 Book